Loading...
| Science - Biology | 0 | 7 | 0 | 0 | 70 | 55 | 80.00 | 2 | 6 |
| Science - Physics | 0 | 5 | 1 | 0 | 45 | 70 | 83.60 | 0 | 1 |
| Science - Chemistry | 0 | 5 | 1 | 0 | 45 | 49 | 64.20 | 1 | 4 |
| Science - Other Science | 0 | 4 | 1 | 1 | 35 | 70 | 102.00 | 0 | 1 |
| Fine Arts - Visual Fine Arts | 0 | 2 | 0 | 0 | 20 | 46 | 52.00 | 2 | 2 |
| Social Science | 0 | 1 | 0 | 1 | 10 | 116 | 116.00 | 0 | 1 |
| History - American History | 0 | 1 | 0 | 1 | 10 | 119 | 119.00 | 0 | 0 |
| Philosophy | 0 | 1 | 0 | 0 | 10 | 111 | 111.00 | 0 | 0 |
| Fine Arts - Other Fine Arts | 0 | 1 | 0 | 0 | 10 | 97 | 97.00 | 0 | 1 |
| Geography/Current Events | 0 | 0 | 1 | 0 | -5 | 0.00 | 0 | 0 | |
| Literature - World/Other Literature | 0 | 0 | 1 | 0 | -5 | 0.00 | 0 | 0 |